| 000 | 00464nam a22001697a 4500 | ||
|---|---|---|---|
| 003 | OSt | ||
| 005 | 20120302150407.0 | ||
| 008 | 090630t xxu||||| |||| 00| 0 eng d | ||
| 035 | _a५७०२ | ||
| 040 | _cमराठी | ||
| 100 |
_aशिंगटे, सुरेश _97063 |
||
| 245 | _aडोरलं | ||
| 250 | _a१ ली | ||
| 260 |
_aपुणे _bसाहेबजी _c१९९५ |
||
| 300 | _b९२ पाने | ||
| 942 |
_2ddc _cBOOK |
||
| 999 |
_c492036 _d492033 |
||